000 00719nam a2200205Ia 4500
001 6051
003 GE_BSU
008 181216s||||||||xx |||||||||||||| ||und||
040 _cGE_BSU
080 _a821.353.1-394+398.2(479.22)
245 _aამირანი=АМИРАНИ=AMIRANI: ქართული მითოლოგიური ეპოსი.
245 _cრედ. შ. ძიძიგური
260 _aთბილისი
260 _bსაბჭოთა საქართველო
260 _c1975
300 _a72გვ.35სმ.ილ.
653 _aამირანი
653 _aქართული მითოლოგიური ეპოსი.
942 _cBK
999 _c39458
_d39458